000 01372cad a22002655a 4500
001 L138786
008 070711s2007 xxkd f 000 0 eng d
035 _a(Sirsi) u138786
041 0 _aeng
050 0 4 _a333.337 $2 18
110 2 _aColliers International Property Consultants
_91881
245 0 0 _aEMEA office occupiers survey 2007
_h[electronic resource]
260 _aLondon
_bColliers
_c2007
490 0 _aColliers EMEA Office Occupiers Survey
_v2007
520 _aExamines office trends across the region from an office occupier's perspective, using information from 85 Colliers offices in Europe, the Middle East and Africa (EMEA). Key findings include a slight decline in office vacancy rates across the EMEA region in the past two years, office occupiers showing a preference towards leasing office space rather than buying it, and a15% increase in prime city centre rents across the region since 2005, with London?s West End market becoming the most expensive in EMEA.
590 _aKA
650 2 4 _aCOLLIERS EMEA OFFICE OCCUPIERS SURVEY
651 4 _aEurope
651 4 _aMiddle East
651 4 _aAfrica
690 _aPROPERTY-COMMERCIAL PROPERTY-COMMERCIAL PROPERTY MARKET
690 _aPROPERTY-COMMERCIAL PROPERTY-OFFICE PROPERTY
856 4 0 _uhttps://www.colliers.com
_zView the report free of charge at www.colliers.com...
942 _n0
999 _c107250
_d107250